000 00542cam a2200181 4500500
005 20260405000744.0
041 _afre
042 _adc
100 1 0 _aChapuis, Émilie
_eauthor
245 0 0 _a« Ma révolte a entretenu mon courage »
260 _c2009.
500 _a32
690 _acourage
690 _aIslam
690 _aMariage
786 0 _nPhilosophie magazine | 29 | 5 | 2009-05-01 | p. 17-18 | 1951-1787
856 4 1 _uhttps://shs.cairn.info/magazine-philosophie-magazine-2009-5-page-17?lang=fr&redirect-ssocas=7080
999 _c2040501
_d2040501